Miasta w województwie lubuskim - Statystyki

Ogólne statystyki
  • Ten quiz został rozwiązany 136 razy
    27 od ostatniego zresetowania
  • Średni wynik to 41 z 44
Statystyki odpowiedzi
Miasto Liczba mieszkańców % Poprawnych
Babimost 3753
100%
Czerwieńsk 3686
100%
Drezdenko 9296
100%
Gorzów Wielkopolski 114 076
100%
Gubin 15 297
100%
Iłowa 3520
100%
Kargowa 3793
100%
Kostrzyn nad Odrą 17 335
100%
Krosno Odrzańskie 10 246
100%
Międzyrzecz 16 478
100%
Nowa Sól 35 335
100%
Sława 4043
100%
Świebodzin 20 565
100%
Szlichtyngowa 1223
100%
Żagań 22 976
100%
Żary 34 137
100%
Zbąszynek 4816
100%
Zielona Góra 138 760
100%
Brody 835
91%
Bytom Odrzański 3854
91%
Jasień 3955
91%
Kożuchów 8759
91%
Lubniewice 1976
91%
Lubsko 12 630
91%
Małomice 3392
91%
Nowogród Bobrzański 4636
91%
Otyń 1816
91%
Rzepin 6304
91%
Skwierzyna 8922
91%
Słubice 16 040
91%
Strzelce Krajeńskie 9560
91%
Sulechów 15 260
91%
Sulęcin 9582
91%
Szprotawa 10 296
91%
Torzym 2361
91%
Witnica 6339
91%
Wschowa 12 758
91%
Cybinka 2633
82%
Dobiegniew 2986
82%
Gozdnica 2661
82%
Łęknica 2180
82%
Ośno Lubuskie 3850
82%
Trzciel 2205
82%
Nowe Miasteczko 2598
73%
Nie znaleziono quizów pasujących do podanych kryteriów
Rozkład punktacji
Procent ludzi z każdym wynikiem
Percentyl według liczby udzielonych odpowiedzi
Twoja historia wyników
Nie rozwiązałeś tego quizu od ostatniego zresetowania